| 000 | 00348nam a2200145Ia 4500 | ||
|---|---|---|---|
| 008 | 230312s9999||||xx |||||||||||||| ||und|| | ||
| 082 |
_a686.209 _bSYE-C |
||
| 100 | _aSyed Shahid Ali | ||
| 245 | 0 | _aConstruction-1 | |
| 260 |
_bAzeem Academy _aPakistan _c2009 |
||
| 300 | _a363 | ||
| 546 | _aEng. | ||
| 650 |
_aArchitecture _vConstuction |
||
| 942 | _cBK | ||
| 999 |
_c6918 _d6918 |
||